Introducción a la soldadura eléctrica (Registro nro. 6692)
[ vista simple ]
| 000 -Cabecera | |
|---|---|
| Campo de control de longitud fija | 00826atm a2200313 4500 |
| 005 - Fecha y hora de la última transacción | |
| Campo de control | 20240418115113.0 |
| 008 - Elementos de longitud fija--Información general | |
| Campo de control de longitud fija | 150728b xxu||||| |||| 00| 0 spa d |
| 020 ## - International Standard Book Number | |
| Número Internacional Estándar del Libro (ISBN) | 9788428300223 |
| 041 ## - Idioma | |
| Código de idioma | Español |
| 082 ## - Clasificación Decimal Dewey | |
| Número de clasificación | 671.521 R618i8 |
| 100 ## - Entrada principal--Autor personal | |
| Nombre personal | Rivas Arias, José María |
| 9 (RLIN) | 38862 |
| 245 ## - Título propiamente dicho | |
| Título | Introducción a la soldadura eléctrica |
| 250 ## - Edición | |
| Mención de edición | 8 edición. |
| 260 ## - Pie de imprenta | |
| Lugar de publicación, distribución, etc. | España |
| 260 ## - Pie de imprenta | |
| Nombre del editor, distribuidor, etc. | International Thomson Editores |
| 260 ## - Pie de imprenta | |
| Fecha de publicación, distribución, etc. | 2006 |
| 300 ## - Descripción física | |
| Extensión | 128 páginas |
| 650 ## - Materia general | |
| Temática (materia general) | SOLDADURA ELÉCTRICA |
| 650 ## - Materia general | |
| Temática (materia general) | ELECTRICIDAD |
| 650 ## - Materia general | |
| Temática (materia general) | GRUPOS DE SOLDADURA |
| 650 ## - Materia general | |
| Temática (materia general) | ELECTRÓDOS |
| 650 ## - Materia general | |
| Temática (materia general) | SOLDADURA HORIZONTAL |
| 650 ## - Materia general | |
| Temática (materia general) | SOLDADURA VERTICAL |
| 650 ## - Materia general | |
| Temática (materia general) | SOLDADURA BAJO TECHO |
| 650 ## - Materia general | |
| Temática (materia general) | SOLDADURA DE CHAPAS |
| 650 ## - Materia general | |
| Temática (materia general) | SOLDADURA DE PIEZAS |
| 942 ## - Punto de acceso adicional KOHA | |
| Tipo de ítem KOHA | Libro |
| Fuente del sistema de clasificación o colocación | Dewey Decimal Classification |
| Signatura completa | Código de barras | Programa Académico | Tipo de ítem |
|---|---|---|---|
| 671.521 R618i8 | 11867 | Electrónica | Libro |